Vista normal
Vista MARC
Entrada Materia (tema)
Número de registros utilizados en: 1
001 - CONTROL NUMBER
- control field: 189761
003 - CONTROL NUMBER IDENTIFIER
- control field: Co-BoUCM
005 - DATE AND TIME OF LATEST TRANSACTION
- control field: 20260618104045.0
008 - FIXED-LENGTH DATA ELEMENTS
- fixed length control field: 260618|| aca||aabn | a|a d
040 ## - CATALOGING SOURCE
- Original cataloging agency: Co-BoUCM
- Transcribing agency: Co-BoUCM
150 ## - HEADING--TOPICAL TERM
- Topical term or geographic name as entry element: Tolerancia
- General subdivision: Aspectos religiosos
- General subdivision: Filosofía
670 ## - SOURCE DATA FOUND
- Source citation: Work cat.: (Co-BoUCM)326535: Aramayo, Roberto R 120694, Voltaire : , 2015